| 000 | 00000cam 2200000zi 4500 |
| 001 | 9.963076 |
| 003 | CaOODSP |
| 005 | 20260601174757 |
| 006 | m o d f |
| 007 | cr |n |||||||| |
| 008 | 260526s2026 onc ol f|0| 0 eng d |
| 040 | |aCaOODSP|beng|erda|cCaOODSP |
| 041 | |aeng|afre |
| 043 | |an-cn--- |
| 086 | 1 |aXB451-11/3-PDF |
| 110 | 1 |aCanada. |bParliament. |bHouse of Commons, |eissuing body. |
| 245 | 13|aAn Act to amend the National Defence Act and other Acts = |bLoi modifiant la Loi sur la défense nationale et d’autres lois. |
| 246 | 11|aLoi modifiant la Loi sur la défense nationale et d’autres lois |
| 246 | 31|iShort title : |aMilitary Justice System Modernization Act |
| 264 | 1|a[Ottawa] : |bHouse of Commons of Canada = Chambre des communes du Canada, |c2026. |
| 300 | |a1 online resource (iii, 46 pages). |
| 336 | |atext|btxt|2rdacontent |
| 337 | |acomputer|bc|2rdamedia |
| 338 | |aonline resource|bcr|2rdacarrier |
| 490 | 1 |aBill C-... ; |vBill C-11, 1st Session, 45th Parliament |
| 500 | |a"First Session, Forty-fifth Parliament, 3-4 Charles III, 2025." |
| 500 | |a"As passed by the House of Commons, May 25, 2026." |
| 520 | |a"This enactment amends provisions of the National Defence Act that relate to the military justice system in response to the Report of the Third Independent Review Authority to the Minister of National Defence and the Report of the Independent External Comprehensive Review of the Department of National Defence and the Canadian Armed Forces"--Summary, page ii. |
| 546 | |aText in English and French. |
| 610 | 10|aCanada. |tNational Defence Act. |
| 650 | 0|aMilitary law|zCanada. |
| 655 | 7|aLegislative bills|2lcgft |
| 788 | |tAn Act to amend the National Defence Act and other Acts = |efre|w(CaOODSP)9.963081 |
| 830 | #0|aBill C-...|vBill C-11, 1st Session, 45th Parliament.|w(CaOODSP)9.500659 |
| 856 | 40|qPDF|s538 KB|uhttps://publications.gc.ca/collections/collection_2026/parl/XB451-11-3.pdf |
| 856 | 4 |qHTML|sN/A|uhttps://www.parl.ca/DocumentViewer/en/45-1/bill/C-11/third-reading |